Αξιολόγηση των εκπαιδευτικών λογισμικών των Γ'-Δ' τάξεων του δημοτικού για το μάθημα της γλώσσας : μεταπτυχιακή εργασία
Αποθηκεύτηκε σε:
| Κύριος συγγραφέας: | |
|---|---|
| Συγγραφή απο Οργανισμό/Αρχή: | |
| Άλλοι συγγραφείς: | |
| Μορφή: | Thesis Βιβλίο |
| Γλώσσα: | Greek |
| Δημοσίευση: |
2009
|
| Θέματα: | |
| Διαθέσιμο Online: | http://hdl.handle.net/11610/13274 |
| Ετικέτες: |
Προσθήκη ετικέτας
Δεν υπάρχουν, Καταχωρήστε ετικέτα πρώτοι!
|
MARC
| LEADER | 00000cam a2200000 i 4500 | ||
|---|---|---|---|
| 001 | 1/8421 | ||
| 008 | 100614s2009 gre d | ||
| 035 | |l 10108246 | ||
| 040 | |a GR-MY-UA |b gre |e aacr | ||
| 041 | 0 | |a gre | |
| 082 | 0 | |a 371.334 |2 (22) | |
| 100 | 1 | |a Φωτιά, Σοφία. | |
| 245 | 1 | 0 | |a Αξιολόγηση των εκπαιδευτικών λογισμικών των Γ'-Δ' τάξεων του δημοτικού για το μάθημα της γλώσσας : |b μεταπτυχιακή εργασία / |c Φωτιά Σοφία ; επιβλέπων: Μιχάλης Αθανάσιος |
| 260 | |c 2009 | ||
| 300 | |a 102 σ.; |c 30 εκ. | ||
| 500 | |a Μέλη εξεταστικής επιτροπής: Σκούρτου Ελένη, Τσολακίδης Κωνσταντίνος | ||
| 502 | # | # | |a Διατριβή (μεταπτυχιακή) – Πανεπιστήμιο Αιγαίου, Ρόδος, 2009. |
| 504 | |a Βιβλιογραφία: σ. 97-102 | ||
| 650 | 0 | 0 | |a Educational technology |z Greece. |
| 650 | 0 | 0 | |a Educational evaluation. |
| 650 | 0 | 0 | |a Computer software |x Evaluation. |
| 650 | 0 | 0 | |a Computer-assisted instruction |x Software. |
| 650 | 0 | 0 | |a Dissertations, Academic |z Greece. |
| 700 | 1 | |a Μιχάλης, Αθανάσιος. |4 ths | |
| 710 | 2 | |a Πανεπιστήμιο Αιγαίου |b Σχολή Ανθρωπιστικών Επιστημών |b Παιδαγωγικό Τμήμα Δημοτικής Εκπαίδευσης |b Πρόγραμμα Μεταπτυχιακών Σπουδών Επιστήμες της Αγωγής - Εκπαίδευση με τη Χρήση Νέων Τεχνολογιών. | |
| 852 | |a INST |b RHODES |c DIATR |e 20100614 |h 371.334 ΦΩΤ |p 005400032768 |q 005400032768 |t MTXE |y 23 | ||
| 852 | |a INST |b RHODES |c DIATR |e 20100614 |h 371.334 ΦΩΤ |p 005400032769 |q 005400032769 |t MTXE |y 23 | ||
| 856 | |u http://hdl.handle.net/11610/13274 | ||
| 901 | |a BIBL4-2010-2 | ||
| 909 | |a Ρ |b 160003 | ||
| 909 | |a Ρ |b 160004 | ||
| 924 | |a ΦΩΤΙΑ |b ΣΟΦΙΑ |y ΡΟΔΟΣ |z 2009-05 | ||
| 970 | |a ΚΟΖΑ |b ΜΑΡΙΑ |z 2010/06/14 | ||